000 00776cab a2200229 4500
001 WB3238-13
008 090401t1996 xxu||||| |||| 00| 0 eng d
035 _a(Sirsi) u20447
041 _aeng
245 _aBoundaries of protection
260 _c1996
350 _a0
490 _aFinancial Times
_v8 October 1996, 32(1)
520 _aEconomic requirements may not be taken into account when designating and defining the boundaries of an environmental Special Protection Area, the European Court of Justice ruled recently.
650 _aEUROPEAN COURT OF JUSTICE
650 _aROYAL SOCIETY OF THE PROTECTION OF BIRDS
650 _aRSPB
650 _aSPECIAL PROTECTION AREA
690 _aENVIRONMENTAL AND LAND CONSULTANCY
942 _n0
948 _c04/03/1997
999 _c13698
_d13698